000
00350nam a22001457a 4500
008
180813b xxu||||| |||| 00| 0 eng d
020
_a
091416807X
041
_a
eng
080
_a
616.120
082
_a
616.120
100
_a
7
101
_a
KAR
245
_a
The ciba collection of medical illustrations
_c
Netter.F.H
942
_2
udc
_c
BK
999
_c
47013
_d
47013